Statistics for Neighboring countries with no letters in common

Click here to take the quiz!

General Stats

  • This quiz has been taken 27 times
    (12 since last reset)
  • The average score is 14 of 20

Answer Stats

Answer% Correct
Albania
89%
Albania
89%
Benin
89%
Chad
89%
Greece
89%
Kosovo
89%
Morocco
89%
Niger
78%
Spain
78%
Togo
78%
Egypt
67%
Saudi Arabia
67%
Sudan
67%
Yemen
67%
Bolivia
56%
Colombia
56%
Ghana
56%
Peru
56%
Peru
56%
Côte d'Ivoire
44%

Score Distribution

Percentile by Number Answered

Percent of People with Each Score

Your Score History

You have not taken this quiz since the last reset